Szczegóły MARC21

Meyers grosses Taschenlexikon : in 24 Bänden. Bd. 1- /

003 -Nazwa inst., której nr kontr. jest w polu 001 [,]
    • @
    • Nazwa instytucji, której n kontrolny jest w polu 001
    • NUKAT
005 -DATA I CZAS OSTATNIEJ MODYFIKACJI [,]
    • @
    • pole kontrolne
    • 20241231092711.0
020 -Międzynarod. znormalizowany nr książki - ISBN [ , ]
    • a
    • Numer ISBN
    • 3411110058 Find
    • q
    • Dopowiedzenie
    • Gesamtwerk
020 -Międzynarod. znormalizowany nr książki - ISBN [ , ]
    • a
    • Numer ISBN
    • 3411110155 Find
    • q
    • Dopowiedzenie
    • Bd. 1
040 -Instytucja sporządzająca opis [ , ]
    • a
    • Instytucja, która sporządziła opis (NP)
    • KAT U/46MM
    • c
    • Instytucja, która sporządziła rekord (NP)
    • KAT U/46MMs
    • d
    • Instytucja, która zmodyfikowała rekord (P)
    • KAT U/46MM
942 -Rodzaj dokumentu [ , ]
    • c
    • Rodzaj dokumentu
    • Książka
245 -Strefa tytułu i oznaczenia odpowiedzialności [0,0]
    • a
    • Tytuł
    • Meyers grosses Taschenlexikon : Find
    • b
    • Ciąg dalszy tytułu (NP)
    • in 24 Bänden. Find
    • n
    • Oznaczenie części (P)
    • Bd. 1- /
    • c
    • Pozostałe elementy strefy tytułu i oznaczenia odpowiedzialności (NP)
    • hrsg. und bearb. von Meyers Lexikonredaktion.
250 -Strefa wydania [ , ]
    • a
    • Oznaczenie wydania (NP)
    • 5., überarb. Aufl. /
    • b
    • Ciąg dalszy strefy wydania (NP)
    • [Red. Leitung: Rudolf Ohlig].
260 -Strefa adresu wydawniczego [ , ]
    • a
    • Miejsce wydania (P)
    • Mannheim [etc.] :
    • b
    • Nazwa wydawcy (P)
    • BI-Taschenbuchverlag,
    • c
    • Data wydania (P)
    • 1995.
300 -Strefa opisu fizycznego [ , ]
    • a
    • Określenie formy książki i/lub objętość (NP)
    • Wol. :
    • b
    • Oznaczenie ilustracji (NP)
    • il. ;
    • c
    • Format (NP)
    • 20 cm.
336 -Typ zawartości [ , ]
    • a
    • Termin opisujący typ zawartości
    • Tekst
    • b
    • Kod określający zawartość
    • txt
    • 2
    • Źródło (terminu i kodu)
    • rdacontent
337 -Typ mediów [ , ]
    • a
    • Tryb odtwarzania
    • Bez urządzenia pośredniczącego
    • b
    • Kod typu mediów
    • n
    • 2
    • Źródło (terminu i kodu)
    • rdamedia
338 -Typ/rodzaj nośnika [ , ]
    • a
    • Hasło opisujące typ nośnika
    • Wolumin
    • b
    • Kod typu nośnika
    • nc
    • 2
    • Źródło (terminu i kodu)
    • rdacarrier
500 -Uwaga ogólna [ , ]
    • a
    • Uwaga ogólna (NP)
    • Całość w plastikowej kasecie.
080 -Uniwersalna Klasyfikacja Dziesiętna [ , ]
    • a
    • Symbol klasyfikacji
    • 0/9(038)=30
650 -Hasło przedmiotowe [ ,7]
    • a
    • Hasło przedmiotowe
    • Encyklopedie i słowniki niemieckie
    • y
    • Określnik chronologiczny
    • 1990-
    • x
    • Określnik rzeczowy
    • historia i krytyka.
    • 2
    • Źródło terminu
    • kaba
    • 9
    • KHW
    • 638392
980 -Symbol UKD [ , ]
    • a
    • UKD
    • 0/9(038)=30
700 -Hasło dodatkowe - nazwa osobowa [1, ]
    • a
    • Nazwa osobowa (NP)
    • Ohlig, Rudolf. Find
    • e
    • Określenie rodzaju współpracy
    • Red.
    • 9
    • KHW
    • 638274
710 -Hasło dodatkowe - nazwa ciała zbiorowego [2, ]
    • a
    • Nazwa ciała zbiorowego lub nazwa geograficzna jako pierwszy element (NP)
    • Bibliographisches Institut (Mannheim).
    • b
    • Nazwa jednostki podrzędnej (P)
    • Meyers Lexikonredaktion.
    • 9
    • KHW
    • 494263
920 -ISBN [ , ]
    • a
    • ISBN
    • 3-411-11005-8 Find
    • q
    • Dopowiedzenie
    • Gesamtwerk
920 -ISBN [ , ]
    • a
    • ISBN
    • 3-411-11015-5 Find
    • q
    • Dopowiedzenie
    • Bd. 1
Numer tomu Numer inwentarzowy Sygnatura Status udost. Lokalizacja Data inwentaryzacji
T.1 A-AngG.13616GERM. Leksykony 021BM1998-08-31
T.7 Farn-GapG.13622GERM. Leksykony 081BM1998-08-31
T.12 Klei-LarG.13627GERM. Leksykony 131BM1998-08-31
T.15 Mon-NordG.13630GERM. Leksykony 161BM1998-08-31
T.19 Rost-SchtG.13634GERM. Leksykony 201BM1998-08-31
T.13 Las-MalsG.13628GERM. Leksykony 141BM1998-08-31
T.18 Pto-RossG.13633GERM. Leksykony 191BM1998-08-31
T.6 Duh-FarmG.13621GERM. Leksykony 071BM1998-08-31
T.8 Gar-GrieG.13623GERM. Leksykony 091BM1998-08-31
T.9 Grif-HofgG.13624GERM. Leksykony 101BM1998-08-31
T.22 Tat-UngaG.13637GERM. Leksykony 231BM1998-08-31
T.2 Ank-BajG.13617GERM. Leksykony 031BM1998-08-31
T.24 Wau-ZzG.13639GERM. Leksykony 251BM1998-08-31
T.3 Bak-BotG.13618GERM. Leksykony 041BM1998-08-31
T.4 Bou-ComG.13619GERM. Leksykony 051BM1998-08-31
T.5 Con-DugG.13620GERM. Leksykony 061BM1998-08-31
T.10 Hofh-JamG.13625GERM. Leksykony 111BM1998-08-31
T.11 Jan-KleeG.13626GERM. Leksykony 121BM1998-08-31
T.14 Malt-MomG.13629GERM. Leksykony 151BM1998-08-31
T.16 Nord-PelG.13631GERM. Leksykony 171BM1998-08-31
T.17 Pem-PTLG.13632GERM. Leksykony 181BM1998-08-31
T.20 Schu-SparG.13635GERM. Leksykony 211BM1998-08-31
T.21 Spas-TasG.13636GERM. Leksykony 221BM1998-08-31
T.23 Unga-WatG.13638GERM. Leksykony 241BM1998-08-31